Draw Ireland on a Map - Statistics

General Stats
  • This quiz has been taken 52 times
    51 since last reset
  • The average score is 59 of 185
Answers on the Map
Answers color-coded by a green-red scale on the quiz's map according to % correct below.
 
Answer Stats
Answer % Correct
Cork-Atlantic Ocean
77%
Dublin-Irish Sea
77%
Donegal-Atlantic Ocean
74%
Antrim-Down
71%
Antrim-Derry
69%
Armagh-Down
69%
Donegal-Derry
69%
Galway-Atlantic Ocean
69%
Kerry-Atlantic Ocean
69%
Mayo-Atlantic Ocean
69%
Antrim-Atlantic Ocean
66%
Mayo-Sligo
66%
Cork-Kerry
63%
Down-Irish Sea
63%
Galway-Mayo
63%
Kerry-Limerick
63%
Sligo-Atlantic Ocean
63%
Clare-Atlantic Ocean
60%
Cork-Limerick
60%
Meath-Westmeath
60%
Wexford-Irish Sea
60%
Armagh-Tyrone
57%
Clare-Galway
57%
Clare-Galway Bay
57%
Clare-Limerick
57%
Derry-Atlantic Ocean
57%
Donegal-Tyrone
57%
Wexford-Waterford Harbour
57%
Wicklow-Irish Sea
57%
Antrim-Lough Neagh
54%
Cork-Tipperary
54%
Cork-Waterford
54%
Derry-Tyrone
54%
Dublin-Kildare
54%
Dublin-Meath
54%
Dublin-Wicklow
54%
Fermanagh-Tyrone
54%
Clare-Tipperary
51%
Cork-Celtic Sea
51%
Limerick-Tipperary
51%
Louth-Meath
51%
Meath-Irish Sea
51%
Waterford-Celtic Sea
51%
Armagh-Lough Neagh
49%
Armagh-Louth
49%
Carlow-Wicklow
49%
Kildare-Meath
49%
Kilkenny-Waterford
49%
Laois-Offaly
49%
Leitrim-Sligo
49%
Wexford-Celtic Sea
49%
Cavan-Meath
46%
Cavan-Monaghan
46%
Galway-Offaly
46%
Kildare-Laois
46%
Kildare-Offaly
46%
Kildare-Wicklow
46%
Kilkenny-Wexford
46%
Laois-Tipperary
46%
Louth-Irish Sea
46%
Offaly-Tipperary
46%
Offaly-Westmeath
46%
Tyrone-Lough Neagh
46%
Wexford-Wicklow
46%
Antrim-Belfast Lough
43%
Armagh-Monaghan
43%
Carlow-Kildare
43%
Carlow-Wexford
43%
Derry-Lough Neagh
43%
Donegal-Fermanagh
43%
Fermanagh-Leitrim
43%
Kilkenny-Tipperary
43%
Leitrim-Roscommon
43%
Longford-Westmeath
43%
Louth-Monaghan
43%
Meath-Offaly
43%
Carlow-Kilkenny
40%
Carlow-Laois
40%
Cavan-Leitrim
40%
Down-Belfast Lough
40%
Galway-Tipperary
40%
Kilkenny-Laois
40%
Roscommon-Sligo
40%
Tipperary-Waterford
40%
Cavan-Longford
37%
Down-Louth
37%
Galway-Galway Bay
37%
Galway-Roscommon
37%
Leitrim-Longford
37%
Longford-Roscommon
37%
Offaly-Roscommon
37%
Cavan-Fermanagh
34%
Donegal-Leitrim
34%
Dublin-Dublin Bay
34%
Fermanagh-Monaghan
34%
Leitrim-Donegal Bay
34%
Mayo-Roscommon
34%
Monaghan-Tyrone
34%
Roscommon-Westmeath
34%
Cavan-Westmeath
31%
Clare-Shannon Estuary
31%
Donegal-Donegal Bay
31%
Down-Lough Neagh
31%
Meath-Monaghan
31%
Kerry-Shannon Estuary
29%
Limerick-Shannon Estuary
29%
Wexford-Wexford Harbour
29%
Derry-Lough Foyle
26%
Clare-Lough Derg
23%
Galway-Lough Corrib
23%
Sligo-Sligo Bay
23%
Tipperary-Lough Derg
23%
Wexford-St George's Channel
23%
Cork-Cork Harbour
20%
Donegal-Lough Foyle
20%
Down-Strangford Lough
20%
Galway-Lough Mask
20%
Kerry-Dingle Bay
20%
Donegal-Lough Swilly
17%
Down-Carlingford Lough
17%
Galway-Lough Derg
17%
Leitrim-Lough Allen
17%
Mayo-Clew Bay
17%
Mayo-Lough Corrib
17%
Mayo-Lough Mask
17%
Waterford-Waterford Harbour
17%
Antrim-Lough Beg
14%
Louth-Carlingford Lough
14%
Mayo-Killala Bay
14%
Roscommon-Lough Allen
14%
Roscommon-Lough Ree
14%
Sligo-Killala Bay
14%
Kerry-Kenmare Bay
11%
Kerry-Tralee Bay
11%
Longford-Lough Ree
11%
Cork-Bantry Bay
9%
Derry-Lough Beg
9%
Sligo-Lough Gill
9%
Antrim-Larne Lough
6%
Antrim-North Passage
6%
Cavan-Lough Gowna
6%
Cavan-Lough Kinale
6%
Cavan-Lough Sheelin
6%
Cork-Dunmanus Bay
6%
Donegal-Mulroy Bay
6%
Galway-Killary Fjord
6%
Kerry-Ballinskelligs Bay
6%
Kerry-Brandon Bay
6%
Leitrim-Lough Boderg
6%
Leitrim-Lough Bofin
6%
Leitrim-Lough Gill
6%
Leitrim-Lough Melvin
6%
Longford-Lough Forbes
6%
Longford-Lough Gowna
6%
Mayo-Killary Fjord
6%
Meath-Lough Sheelin
6%
Roscommon-Lough Arrow
6%
Roscommon-Lough Boderg
6%
Roscommon-Lough Bofin
6%
Roscommon-Lough Forbes
6%
Roscommon-Lough Gara
6%
Sligo-Lough Arrow
6%
Sligo-Lough Gara
6%
Westmeath-Lough Kinale
6%
Westmeath-Lough Ree
6%
Westmeath-Lough Sheelin
6%
Cavan-Lough Macnean
3%
Cork-Kenmare Bay
3%
Donegal-Sheephaven Bay
3%
Donegal-Trawbreaga Bay
3%
Down-Dundrum Bay
3%
Down-North Passage
3%
Dublin-Broadmeadow Estuary
3%
Fermanagh-Lough Macnean
3%
Fermanagh-Lough Melvin
3%
Leitrim-Lough Macnean
3%
Longford-Lough Kinale
3%
Mayo-Blacksod Bay
3%
Mayo-Broadhaven Bay
3%
Cork-Barleycove
0%
Galway-Ballinakill Harbour
0%
Galway-Roundstone Bay
0%
Kerry-St Finnian's Bay
0%
Mayo-Sruwaddacon Bay
0%
Wexford-Bannow Bay
0%
No matching quizzes found
Score Distribution
Percent of People with Each Score
Percentile by Number Answered
Your Score History
You have not taken this quiz since the last reset